000 01542nam2a22003131 4500
001 v19\rc\1293925
005 20250618015108.0
035 _a(NLR Aleph) 004440949
090 _a4401591
_c4401591
100 _a20060306d1860 |||y0rusy50 ca
101 0 _arus
102 _aRU
105 _ay z |||||
200 1 _aОкеания
_aАвстралия
_aАфрика]
210 _d1860
_aБ. м.
215 _a[6], IV, [2], 252 с.
461 0 _1001v19\rc\1293924
_12001#$aПрирода и люди$eКурс географии, содержащий описание частей света в физ., этнографич. и полит. отношениях$vКн. 1. [Вып. 1-2.$90
_1700#1$aПавловский$bА.И.$f1828-1889$gАркадий Ильич
_94401583
_aПавловский, А.И. (1828-1889)
_cСанкт-Петербург
_d1860-1861
_e2-е изд. (испр. и доп.). Кн. 1-2
_n[изд. авт.], тип. А.И. Кулиша
_oКурс географии, содержащий описание частей света в физ., этнографич. и полит. отношениях
_p3 т.
_tПрирода и люди
_vКн. 1. [Вып. 1-2.$90
801 0 _aRU
_bNLR
_gpsbo
801 0 _aRU
_bRuMoRGB
_2psbo
801 1 _aRU
_bProSoft-M
_2rusmarc
852 _aNLR
_j18.30.4.45
852 _aNLR
_j133/3307
899 _aRuMoRGB
_jU 24/1095
899 _aRuMoRGB
_jПриплет к P 52/210
899 _aRuMoRGB
_jКл 67/616
899 _aБАН
899 _aНБ СПбГУ
942 _cBOOK
980 _aNB